Musicians By Initial: The Letter - P - Statistics

General Stats
  • This quiz has been taken 175 times
  • The average score is 10 of 24
Answer Stats
Inits Clue Answer % Correct
PM The barefoot Beatle on Abbey Road Paul McCartney
97%
PG Former Genesis singer. Had solo hits with Sledgehammer and Biko Peter Gabriel
81%
PB Beatles drummer replaced by Ringo Starr Pete Best
76%
PT Guitarist with the Who Pete Townshend
74%
PD One of the Three Tenors Placido Domingo
74%
PA Canadian born pop singer. Charted in the late 50's with Diana, Put Your Head On My Shoulder and Lonely Boy Paul Anka
63%
PE Did Cathy's Clown, Bird Dog and Bye Bye Love alongside brother Don Phil Everly
61%
PY UK 80's solo star. Wherever I Lay My Hat. Paul Young
57%
PF First found fame with the Herd. Came Alive! with a best selling solo album in 1976 Peter Frampton
51%
PH Bono's birth name Paul Hewson
45%
PC American easy listening singer. Had some Magic Moments in 1958 Perry Como
45%
PL Thin Lizzy frontman Phil Lynott
37%
PW Vocalist for the Jam. Paul Weller
36%
PJ Original lead sinnger of Manfred Mann Paul Jones
32%
PZ Often slated American actress who had minor 80's hits with The Clapping Song and When the Rain Begins to Fall Pia Zadora
31%
PS American singer, songwriter and poet. Albums include Easter, and Horses Patti Smith
29%
PQ Name shared by a guitarist for Saxon, the drummer with the Soup Dragons, and the singer of Bourgie Bourgie Paul Quinn
26%
PO "You were working as a waitress in a cocktail bar, when I met you" Phil Oakey
26%
PN He sang lead vocals on 60's hits, No Milk Today, Silhouettes, My Sentimental Friend... Peter Noone
20%
PR American bass-baritone singer, actor and political activist. Appeared in Show Boat both on stage and in film, playing Joe and performing Ol' Man River Paul Robeson
19%
PI Female guitarist for The Cramps Poison Ivy
13%
PK Guitarist for 70's rock band Free Paul Kossoff
12%
PU 20th century Italian composer best known for his song Mah Nà Mah Nà Piero Umiliani
7%
PP Singer with the Only Ones Peter Perrett
6%
No matching quizzes found
Score Distribution
Percent of People with Each Score
Percentile by Number Answered
Your Score History
You have not taken this quiz